Подробности
| 000 -МАРКЕР |
| контрольное поле |
02712nam0a22003251 4500 |
| 001 - ИДЕНТИФИКАТОР ЗАПИСИ |
| контрольное поле |
rc\1508685 |
| 005 - ИДЕНТИФИКАТОР ВЕРСИИ |
| контрольное поле |
20260406121726.0 |
| 035 ## - ДРУГИЕ СИСТЕМНЫЕ НОМЕРА |
| Идентификатор записи |
(NLR Aleph) 005287822 |
| 100 ## - ДАННЫЕ ОБЩЕЙ ОБРАБОТКИ |
| Данные общей обработки |
20060620g18841889|||y0rusy50 ca |
| 101 0# - ЯЗЫК РЕСУРСА |
| Язык текста, звукозаписи и т.д. |
русский |
| 102 ## - СТРАНА ПУБЛИКАЦИИ ИЛИ ПРОИЗВОДСТВА |
| Страна публикации |
Российская Федерация |
| 105 ## - ПОЛЕ КОДИРОВАННЫХ ДАННЫХ: ТЕКСТОВЫЕ МАТЕРИАЛЫ, МОНОГРАФИЧЕСКИЕ |
| Кодированные данные о монографическом текстовом документе |
c z ||||| |
| 200 1# - ЗАГЛАВИЕ И СВЕДЕНИЯ ОБ ОТВЕТСТВЕННОСТИ |
| Основное заглавие |
Полное собрание сочинений И.А. Гончарова |
| Первые сведения об ответственности |
С портр. авт., грав. акад. И.П. Пожалостиным и факс. Т. 1-8 |
| 210 ## - ПУБЛИКАЦИЯ, РАСПРОСТРАНЕНИЕ И ДР. |
| Место издания, распространения и т.д. |
Санкт-Петербург |
| Имя издателя, распространителя и т. д. |
Глазунов |
| Дата издания, распространения и т.д. |
1884-1889 |
| 215 ## - ФИЗИЧЕСКАЯ ХАРАКТЕРИСТИКА |
| Специфическое обозначение материала и объем |
8 т. |
| Другие сведения о физической характеристике |
фронт. (портр.) |
| Размеры |
21 |
| 300 ## - ОБЩИЕ ПРИМЕЧАНИЯ |
| Текст примечания |
На отд. тит. л. 1-го изд. ч. 2 романа "Обыкновенная история" указание: изд. 4-е; дата: 1883 |
| 327 1# - ПРИМЕЧАНИЯ О СОДЕРЖАНИИ |
| Текст примечания |
Содерж.: Т. 1. Обыкновенная история: Роман в 2 ч. Т. 2. Обломов: Роман в 4 ч.: Ч. 1-2. Т. 3. Обломов: Ч. 3-4. Т. 4. Обрыв: Роман в 5 ч.: Ч. 1-2. Т. 5. Обрыв: Ч. 3-5. Т. 6. Фрегат Паллада: Очерки путешествия: В 2 т.: Т. 1. Т. 7. Фрегат Паллада: Т. 2. Т. 8. Четыре очерка: Литературный вечер. Мильон терзаний. Заметки о личности Белинского. Лучше поздно, чем никогда. Т. 9. Воспоминания; Слуги старого века |
| 464 #0 - АНАЛИТИЧЕСКИЙ УРОВЕНЬ |
| Встроенное поле |
2001#$aОбыкновенная история$eРоман в 2 ч.$aОбломов$eРоман в 4 ч.$aОбрыв$eРоман в 5 ч.$aФрегат Паллада$eОчерки путешествия$eВ 2 т.$aЛитературный вечер$aМильон терзаний$aЗаметки о личности Белинского$aЛучше поздно, чем никогда$aВоспоминания$aСлуги старого века |
| -- |
702#1$3RU\NLR\AUTH\7716241$7ca$aБелинский$bВ. Г.$f1811-1848$gВиссарион Григорьевич$4570 |
| Заглавие |
Слуги старого века |
| 532 10 - РАСШИРЕННОЕ ЗАГЛАВИЕ |
| Заглавие |
Полное собрание сочинений Ивана Александровича Гончарова |
| 700 #1 - ИМЯ ЛИЦА - ПЕРВИЧНАЯ ОТВЕТСТВЕННОСТЬ |
| Материалы, к которым относится поле |
rus |
| Графика поля |
Кириллица |
| Начальный элемент ввода |
Гончаров |
| Часть имени, кроме начального элемента ввода |
И. А. |
| Даты |
1812-1891 |
| Расширение инициалов личного имени |
Иван Александрович |
| Идентификатор авторитетной/нормативной записи |
RU\NLR\AUTH\77582 |
| Системный номер авторитетной/нормативной записи |
110628 |
| 702 #1 - ИМЯ ЛИЦА - ВТОРИЧНАЯ ОТВЕТСТВЕННОСТЬ |
| Код отношения |
Иллюстратор |
| Графика поля |
Кириллица |
| Материалы, к которым относится поле |
rus |
| Начальный элемент ввода |
Пожалостин |
| Часть имени, кроме начального элемента ввода |
И. П. |
| Даты |
1837-1909 |
| Расширение инициалов личного имени |
Иван Петрович |
| Системный номер авторитетной/нормативной записи |
234362 |
| Идентификатор авторитетной/нормативной записи |
RU\NLR\AUTH\770234418 |
| 801 #0 - ИСТОЧНИК ЗАПИСИ |
| Страна |
Российская Федерация |
| Организация |
NLR |
| Дата составления |
20060620 |
| Правила каталогизации |
psbo |
| 801 #0 - ИСТОЧНИК ЗАПИСИ |
| Страна |
Российская Федерация |
| Организация |
RuMoRGB |
| Дата составления |
20060620 |
| Источник данных |
psbo |
| 801 #1 - ИСТОЧНИК ЗАПИСИ |
| Страна |
Российская Федерация |
| Организация |
ProSoft-M |
| Дата составления |
20060620 |
| Источник данных |
rusmarc |
| 801 #2 - ИСТОЧНИК ЗАПИСИ |
| Страна |
Российская Федерация |
| Организация |
NLR |
| Дата составления |
20130605 |
| Источник данных |
rusmarc |
| 852 ## - МЕСТОНАХОЖДЕНИЕ И ШИФР ХРАНЕНИЯ |
| Идентификатор организации |
NLR |
| Шифр хранения (Call Number) |
18.223.5.12 |
| 852 ## - МЕСТОНАХОЖДЕНИЕ И ШИФР ХРАНЕНИЯ |
| Идентификатор организации |
NLR |
| Шифр хранения (Call Number) |
131/2795(т. 1-8) |
| 942 ## - ДОПОЛНИТЕЛЬНЫЕ ЭЛЕМЕНТЫ ЗАПИСИ (АБИС) |
| Тип экземпляра АБИС |
Книга |
| 980 ## - КОЛЛЕКЦИЯ |
| Название коллекции |
Национальная библиография |